Veterinary pathology /

Guardat en:
Dades bibliogràfiques
Autor principal: Smith, Hilton Atmore, 1895-1965
Altres autors: Jones, Thomas Carlyle
Format: Llibre
Idioma:English
Publicat: Philadelphia : Lea & Febiger, [1966].
Edició:3d ed.
Matèries:
LEADER 00858nam a2200229 i 4500
001 c000308223
003 CARM
005 00000000000000.0
008 840316s1966 pau 0 eng d
019 1 |a 4048740  |z 5062014  |5 LACONCORD2021 
035 |a (OCoLC)4962156  |5 LACONCORD2021 
082 0 4 |a 636.089607 
100 1 |a Smith, Hilton Atmore,  |d 1895-1965. 
245 1 0 |a Veterinary pathology /  |c [by] Hilton Atmore Smith [and] Thomas Caryle Jones. 
250 |a 3d ed. 
260 |a Philadelphia :  |b Lea & Febiger,  |c [1966]. 
300 |a 1192 p. :  |b illus. 
650 0 |a Veterinary pathology. 
700 1 |a Jones, Thomas Carlyle. 
852 8 |b CARM  |h A2:AB19B0  |i C11011  |p 0506782  |f BK 
999 f f |i 95a764a9-664d-5c52-b542-97c34d9cde84  |s cb132a3c-c3ee-5be3-8060-62849935e467 
952 f f |p Can circulate  |a CAVAL  |b CAVAL  |c CAVAL  |d CARM 1 Store  |e C11011  |f A2:AB19B0  |h Other scheme  |i book  |m 0506782